El color de nuestra piel : pieza en tres actos /
El tabasqueño Celestino Gorostiza (1904-1967), dramaturgo mexicano nacido en Villahermosa, Tabasco presenta en sus obras la realidad mexicana, incluido el mestizaje y la vida de la clase media que sube de escalafón. Perteneció al grupo de los Contemporáneos, entre 1928 y 1931 y fue uno de los fundad...
Gespeichert in:
| 1. Verfasser: | |
|---|---|
| Format: | Buch |
| Sprache: | Spanisch |
| Veröffentlicht: |
México :
Studium,
1953, c1953
|
| Schriftenreihe: | (Studium ;
4) |
| Schlagworte: | |
| Tags: |
Keine Tags, Fügen Sie das erste Tag hinzu!
|
MARC
| LEADER | 00000nam^a2200000^a^4500 | ||
|---|---|---|---|
| 001 | 000127958 | ||
| 005 | 20250526000000.0 | ||
| 009 | 20260310094819.909 | ||
| 037 | |a Acervo ITESO - Biblioteca | ||
| 041 | |a ESP | ||
| 082 | |a 862. |b GOR | ||
| 100 | |a Gorostiza, Celestino |e (autor) | ||
| 245 | 1 | 3 | |a El color de nuestra piel : |b pieza en tres actos / |c C. Gorostiza. |
| 264 | 4 | |a México : |b Studium, |c 1953, c1953 | |
| 300 | |a 101 p. ; |c 20.0 cm. | ||
| 440 | 1 | |a (Studium ; |v 4) | |
| 520 | |a El tabasqueño Celestino Gorostiza (1904-1967), dramaturgo mexicano nacido en Villahermosa, Tabasco presenta en sus obras la realidad mexicana, incluido el mestizaje y la vida de la clase media que sube de escalafón. Perteneció al grupo de los Contemporáneos, entre 1928 y 1931 y fue uno de los fundadores del grupo Teatro de Ulises en 1927. Codirigió con Roberto Gavaldón la película Naná en 1943. En 1932 fundó el Teatro Orientación. Entre sus obras tenemos: En nuevo paraíso (1930); Escuela del amor (1933); Ser o no ser (1934); El color de nuestra piel (1952); Columna social (1955) y La leña está verde (1958). | ||
| 649 | |a XX | ||
| 650 | |a Teatro Mexicano | ||
| 650 | |a Literatura Mexicana - |y Siglo XX | ||
| 650 | |a Contemporáneos (Literatura Mexicana) | ||
| 910 | |a Fondo Salvador Reynoso Reynoso | ||
| 920 | |a Impresos - Libros | ||
| 930 | |a Libros Antiguos y Raros | ||
| 940 | |a Literatura | ||
| 905 | |a 108 | ||
| 901 | |a 0800009984 |b IT2 |c LRA |u 20250526 | ||
| 902 | |a https://opac.biblio.iteso.mx/vufind/Record/000127958 | ||